00317nam a2200121Ia 4500008004100000041000800041082001200049100001600061245004500077260002900122300003200151365001200183240624s9999 xx 000 0 und d aeng a368 TYS aTYSON DAVID aRISK MANAGEMENT FOR INSTITUTIONAL INVEST c2013aLondonbRisk Books axxvi, : 229 : p. : cm. ; 29 cGBPb50